Apuntes biográficos de los reyes castellanos / (Record no. 138492)

MARC details
000 -LEADER
campo de control de longitud fija 00575nam a2200169 4500
001 - NÚMERO DE CONTROL
campo de control 138492
003 - IDENTIFICADOR DE NÚMERO DE CONTROL
campo de control ES-MaACL
005 - FECHA Y HORA DE LA ÚLTIMA TRANSACCIÓN
campo de control 20251014063210.0
007 - CAMPO FIJO DE DESCRIPCIÓN FÍSICA--INFORMACIÓN GENERAL
campo de control de longitud fija t|
008 - DATOS DE LONGITUD FIJA--INFORMACIÓN GENERAL
campo de control de longitud fija 070214s1965 sp r ||||1| spa d
100 0# - ENTRADA PRINCIPAL--NOMBRE DE PERSONA
Nombre de persona San Juan de Piedras Albas, María de los Dolores de Melgar,
Títulos y otros términos asociados al nombre Marquesa de
9 (RLIN) 102250
245 10 - MENCIÓN DEL TÍTULO
Título Apuntes biográficos de los reyes castellanos /
Mención de responsabilidad, etc. Marquesa de San Juan de Piedras Albas.
260 ## - PUBLICACIÓN, DISTRIBUCIÓN, ETC.
Lugar de publicación, distribución, etc. Madrid :
Nombre del editor, distribuidor, etc. [s. n.],
Fecha de publicación, distribución, etc. 1965 (
Fabricante Gráf. Diana)
300 ## - DESCRIPCIÓN FÍSICA
Extensión 406 p. ;
Dimensiones 21 cm.
852 ## - LOCALIZACIÓN
Ubicación ES-MaACL
Número de control de estantería C-28890
Sublocalización o colección R.58310
Holdings
Estatus retirado Estado de pérdida Estado de daño No para préstamo Biblioteca de origen Biblioteca actual Ubicación en estantería Fecha de adquisición Fuente de adquisición Total de préstamos Signatura topográfica completa Código de barras Visto por última vez Precio de reemplazo Tipo de ítem Koha
        Biblioteca del Ateneo de Madrid Biblioteca del Ateneo de Madrid Depósito 2 17/01/2008     C-28890 1144111 23/02/2023 23/02/2023 Libro impreso